=LDR 00000nam 2200000 4500 =001 INLIS000000000029190 =005 20200819081202 =035 ##$$a 0010-061300000029190 =008 200819################g##########0#ind## =041 ##$$a Ind =082 ##$$a 2x9.1 =090 ##$$a 2x9.1, Arm s =100 1#$$a Armstrong, Karen =245 1#$$a Sejarah Muhammad, biografi sang Nabi, /$c Karen Amstrong ; penerjemah, Ahmad Asnawi =260 ##$$a Magelang :$b Pustaka Horizona,$c 2007 =300 ##$$a 466 hlm, ; $c 13 x 19 cm =650 #4$$a Sejarah Nabi Muhammad SAW =850 ##$$a NBPNMAT =020 ##$$a 979-24-0582-8 =084 ##$$a 2x9.1 ARM s =250 ##$$a cet.1 =990 ##$$a 20800521 =990 ##$$a 20800522